Normale Ansicht
MARC-Ansicht
Eintrag Personenname
001 - Kontrollnummer
- Kontrollfeld: 12354
003 - Kontrollnummer Identifier
- Kontrollfeld:
005 - Datum und Zeit der letzten Transaktion
- Kontrollfeld: 20220914143056.0
008 - Datenelemente mit fester Länge
- Kontrollfeld mit fester Länge: 220914|| aca||aabn | a|a d
040 ## - Katalogisierungsquelle
- Original-Katalogisierungsstelle:
- Übertragungsstelle:
100 ## - Ansetzung - Personenname
- Personenname: Abramovič, Aron L
670 ## - Datenquelle
- Quellenangabe: Work cat.: ()34614: Abramovič, Aron L., V rešajuščej vojne :